[Event "MYA-ch 42nd"]
[Site "Yangon"]
[Date "2016.06.23"]
[Round "?"]
[White "Htay, Min Lwin"]
[Black "Wynn, Zaw Htung"]
[Result "0-1"]
[WhiteElo "2174"]
[BlackElo "2410"]
[PlyCount "126"]
[EventDate "2016.06.20"]
[EventType "tourn"]
[EventRounds "15"]
[EventCountry "MYA"]
[SourceTitle "EXT 2018"]
[Source "ChessBase"]
[SourceDate "2017.10.13"]
[SourceVersion "1"]
[SourceVersionDate "2017.10.13"]
[SourceQuality "1"]

1. d4 Nf6 2. Nf3 e6 3. Bf4 c5 4. e3 Be7 5. Be2 Nh5 6. Bg3 cxd4 7. exd4 d6 8. c3 Nd7 9. Na3 a6 10. Nc4 Nxg3 11. hxg3 Qc7 12. a4 b6 13. Qd3 g6 14. Qe3 Bb7 15. Qf4 Nf6 16. g4 Nd5 17. Qd2 Qd8 18. Qh6 Bc6 19. Ne3 Bf8 20. Qh2 Nxe3 21. fxe3 Bg7 22. Nd2 Qc7 23. Rf1 f6 24. Nc4 Rd8 25. Nd2 Bb7 26. Bf3 0-0 27. g5 fxg5 28. Rh1 Rfe8 29. Ke2 Bxf3+ 30. Nxf3 e5 31. d5 Qc4+ 32. Kf2 e4 33. Qxh7+ Kf8 34. Nxg5 Re5 35. Qh4 Rf5+ 36. Kg1 Re8 37. g4 Rf3 38. Nxf3 exf3 39. Qg5 Be5 40. Rf1 Qe2 41. Qh6+ Kg8 42. Qh7+ Kf8 43. Qh6+ Bg7 44. Qh2 Qxe3+ 45. Qf2 Bh6 46. Rh3 Re4 47. Qxe3 Bxe3+ 48. Kh2 f2 49. Kg3 a5 50. Kf3 Re5 51. Rh8+ Kg7 52. Rb8 Bc5 53. b4 axb4 54. cxb4 Bxb4 55. Rxf2 Bc5 56. Re2 Rxd5 57. Rb7+ Kf6 58. Re4 Rd2 59. Rf4+ Kg5 60. Rbf7 d5 61. R7f6 Rf2+ 62. Kg3 Rxf4 63. Rxf4 Bd6 0-1

[Event "MYA-ch 42nd"]
[Site "Yangon"]
[Date "2016.06.21"]
[Round "?"]
[White "Htay, Min Lwin"]
[Black "Win, Zaw"]
[Result "1-0"]
[WhiteElo "2174"]
[BlackElo "1837"]
[PlyCount "97"]
[EventDate "2016.06.20"]
[EventType "tourn"]
[EventRounds "15"]
[EventCountry "MYA"]
[SourceTitle "EXT 2018"]
[Source "ChessBase"]
[SourceDate "2017.10.13"]
[SourceVersion "1"]
[SourceVersionDate "2017.10.13"]
[SourceQuality "1"]

1. Nf3 d6 2. d4 Bg4 3. e3 Nd7 4. Be2 Ngf6 5. c4 e5 6. Nc3 c6 7. 0-0 Be7 8. h3 Bh5 9. a4 a5 10. b3 0-0 11. Ba3 Re8 12. d5 c5 13. e4 Kh8 14. Nd2 Bg6 15. Bf3 Ng8 16. Bh5 Rf8 17. Nb5 f5 18. Bxg6 hxg6 19. f4 Nh6 20. fxe5 Nxe5 21. exf5 gxf5 22. Nf3 Bf6 23. Ra2 Qd7 24. Bc1 Kh7 25. Bxh6 Kxh6 26. Qd2+ Kh7 27. Ng5+ Bxg5 28. Qxg5 Rf6 29. Raf2 Raf8 30. Nc3 Rg6 31. Qe3 Rgf6 32. Ne2 Ng6 33. Qg5 Qf7 34. h4 Ne5 35. Nf4 Ng4 36. Re2 Ne5 37. h5 Re8 38. Re3 b6 39. Rg3 Rh6 40. Ne6 Re7 41. Rxf5 Rf6 42. Nxg7 Nd7 43. Rxf6 Qxf6 44. Nf5 Qxg5 45. Rxg5 Re1+ 46. Kf2 Re4 47. Rg7+ Kh8 48. Rxd7 Rf4+ 49. Kg3 1-0

[Event "Yangon op"]
[Site "Yangon"]
[Date "2015.11.26"]
[Round "7"]
[White "Htay, Min Lwin"]
[Black "Nguyen, Duc Hoa"]
[Result "0-1"]
[WhiteElo "2160"]
[BlackElo "2500"]
[PlyCount "42"]
[EventDate "2015.11.23"]
[EventType "swiss"]
[EventRounds "9"]
[EventCountry "MYA"]
[SourceTitle "CBM 169 Extra"]
[Source "ChessBase"]
[SourceDate "2015.12.18"]
[SourceVersion "1"]
[SourceVersionDate "2015.12.18"]
[SourceQuality "1"]

1. d4 d5 2. c4 e6 3. Nc3 c6 4. Nf3 dxc4 5. e4 b5 6. a4 b4 7. Nb1 Ba6 8. Be2 Nf6 9. Bg5 Be7 10. Bxf6 Bxf6 11. e5 Be7 12. 0-0 Qd5 13. Qc2 c5 14. dxc5 Nc6 15. Rd1 Qxc5 16. Qe4 0-0 17. Nbd2 Na5 18. Rdc1 Rac8 19. Bxc4 Nxc4 20. Nxc4 Bxc4 21. Nd2 Qd5 0-1

[Event "Ho Chi Minh City HD Bank op 5th"]
[Site "Ho Chi Minh City"]
[Date "2015.03.21"]
[Round "8"]
[White "Nguyen, Minh Tuan"]
[Black "Htay, Min Lwin"]
[Result "1-0"]
[WhiteElo "2142"]
[BlackElo "2286"]
[PlyCount "51"]
[EventDate "2015.03.17"]
[EventType "swiss"]
[EventRounds "9"]
[EventCountry "VIE"]
[SourceTitle "CBM 165 Extra"]
[Source "ChessBase"]
[SourceDate "2015.04.21"]
[SourceVersion "1"]
[SourceVersionDate "2015.04.21"]
[SourceQuality "1"]

1. Nf3 Nf6 2. g3 d5 3. Bg2 c5 4. d3 Nc6 5. 0-0 e5 6. Nbd2 Be7 7. e4 dxe4 8. dxe4 0-0 9. c3 h6 10. Qe2 Qc7 11. Nc4 Be6 12. Nh4 b5 13. Ne3 Rab8 14. Nd5 Qc8 15. Be3 Ng4 16. Nf5 Bxf5 17. exf5 Nxe3 18. Nxe3 f6 19. Qh5 Bd8 20. Bd5+ Kh7 21. Be6 Qa6 22. Rad1 Ne7 23. Rd7 Rb7 24. Rfd1 Rxd7 25. Rxd7 c4 26. Nd5 1-0

[Event "Ho Chi Minh City zt 3.3"]
[Site "Ho Chi Minh City"]
[Date "2015.03.15"]
[Round "9"]
[White "Bao, Khoa"]
[Black "Htay, Min Lwin"]
[Result "1-0"]
[WhiteElo "2237"]
[BlackElo "2286"]
[PlyCount "63"]
[EventDate "2015.03.07"]
[EventType "swiss"]
[EventRounds "9"]
[EventCountry "VIE"]
[SourceTitle "CBM 165 Extra"]
[Source "ChessBase"]
[SourceDate "2015.04.21"]
[SourceVersion "1"]
[SourceVersionDate "2015.04.21"]
[SourceQuality "1"]

1. d4 f5 2. e4 fxe4 3. Nc3 Nf6 4. Bg5 d5 5. Bxf6 exf6 6. Qh5+ g6 7. Qxd5 Qxd5 8. Nxd5 Kd8 9. Nxf6 e3 10. fxe3 Bg7 11. Nd5 Re8 12. Kf2 Nd7 13. Bd3 c6 14. Nc3 Nf6 15. h3 b5 16. a3 Bh6 17. e4 a5 18. Nf3 Rb8 19. Rhe1 Nh5 20. e5 Kc7 21. Ne4 Rf8 22. b4 Nf4 23. Nf6 Nxd3+ 24. cxd3 Bf5 25. d5 cxd5 26. Nxd5+ Kb7 27. d4 Rbd8 28. Nf6 Be6 29. g4 Bf4 30. g5 h6 31. h4 h5 32. Re4 1-0

[Event "Ho Chi Minh City zt 3.3"]
[Site "Ho Chi Minh City"]
[Date "2015.03.09"]
[Round "3"]
[White "Dang, Hoang Son"]
[Black "Htay, Min Lwin"]
[Result "1-0"]
[WhiteElo "2237"]
[BlackElo "2286"]
[PlyCount "119"]
[EventDate "2015.03.07"]
[EventType "swiss"]
[EventRounds "9"]
[EventCountry "VIE"]
[SourceTitle "CBM 165 Extra"]
[Source "ChessBase"]
[SourceDate "2015.04.21"]
[SourceVersion "1"]
[SourceVersionDate "2015.04.21"]
[SourceQuality "1"]

1. d4 Nf6 2. c4 e6 3. g3 d5 4. Nf3 Be7 5. Bg2 0-0 6. 0-0 b6 7. Ne5 Bb7 8. Nc3 c6 9. Bf4 Nbd7 10. cxd5 Nxd5 11. Nxd5 cxd5 12. Nd3 Nf6 13. Rc1 Bd6 14. Bd2 Qd7 15. Qb3 Rfc8 16. Ne5 Bxe5 17. dxe5 Ne4 18. Bb4 Nc5 19. Qe3 Qb5 20. Ba3 h6 21. g4 Ba6 22. Rfe1 Nd7 23. g5 Rxc1 24. Qxc1 Rc8 25. Qd2 h5 26. e4 d4 27. Qxd4 Nxe5 28. f4 Ng6 29. Bf1 Qa5 30. Bb4 Qxa2 31. f5 e5 32. Qd7 Nh4 33. Bxa6 Qxa6 34. g6 fxg6 35. f6 gxf6 36. Qe6+ Kg7 37. Qe7+ Kg8 38. Qxf6 Qd3 39. Qe6+ Kg7 40. Qxe5+ Kh7 41. Qe7+ Kh6 42. Bd6 Nf3+ 43. Kh1 Qd2 44. Rf1 Qg5 45. Qxg5+ Nxg5 46. Bf4 Rc4 47. h4 Rxe4 48. hxg5+ Kg7 49. Bd2 Rh4+ 50. Kg2 Rg4+ 51. Kh3 a5 52. Bc3+ Kg8 53. Bf6 a4 54. Re1 b5 55. Re7 b4 56. Rg7+ Kf8 57. Rxg6 a3 58. bxa3 bxa3 59. Rh6 Ra4 60. g6 1-0